Forma našich gradovala pred šampionátom.. 19. MS v kolkoch v Bratislave sú už minulosťou

Bibliographic Details
Main Authors: Kubánek, Stanislav, 1951- (Author), Kubiš, Pavol (Author)
Format: Article
Language:Slovak
Subjects:

MARC

LEADER 00000nab a2200000 a 4500
001 vtls000455495
003 SK-MaSNL
005 20260303211846.0
008 120926c1992 xo 0 slo
015 |a SNBRB19rr/mm-uuuuu 
035 |a CL0455626 
040 |a SNKBUCL  |b slo  |c SNKBUCL  |e AACR2 
041 0 |a slo 
044 |a xo  |c SK 
080 |a 794.85.093.1(100)  |2 1981 
100 1 |a Kubánek, Stanislav,  |d 1951-  |4 aut  |9 108730 
245 1 0 |a Forma našich gradovala pred šampionátom..  |b 19. MS v kolkoch v Bratislave sú už minulosťou  |c Stanislav Kubánek, Pavol Kubiš 
650 0 7 |a kolky (šport)  |2 snkbucl  |9 238976 
651 7 |a 5100  |2 snkbucl  |9 166206 
655 7 |a články z novín a časopisov  |2 snkbucl  |9 267496 
700 1 |a Kubiš, Pavol  |4 aut  |9 219206 
773 0 |t Šport  |g Roč. 46, č. 122 (26. 5. 1992), s. 1 a 6 
850 |a Slovenská národná knižnica v Martine  |a MTA001 
852 |a SNK  |b KIS3GCP 
958 |a RK 
992 |a RBX 
999 |c 2204530  |d 2206460